Nadleśnictwa w Polsce - Statystyki

Ogólne statystyki
  • Ten quiz został rozwiązany 15 razy
  • Średni wynik to 40 z 427
Statystyki odpowiedzi
RDLP Nadleśnictwo % Poprawnych
Białystok Białowieża
55%
Radom Skarzysko
55%
Radom Starachowice
55%
Białystok Bielsk
45%
Białystok Ełk
45%
Radom Radom
45%
Białystok Suwałki
45%
Białystok Augustów
36%
Białystok Giżycko
36%
Białystok Hajnówka
36%
Radom Kielce
36%
Białystok Łomża
36%
Toruń Toruń
36%
Toruń Tuchola
36%
Radom Włoszczowa
36%
Radom Zwoleń
36%
Wrocław Bolesławiec
27%
Katowice Brzeg
27%
Toruń Bydgoszcz
27%
Lublin Chełm
27%
Warszawa Chojnów
27%
Toruń Dąbrowa
27%
Gdańsk Gdańsk
27%
Radom Grójec
27%
Zielona Góra Gubin
27%
Radom Jędrzejów
27%
Poznań Konin
27%
Radom Kozienice
27%
Zielona Góra Krosno
27%
Wrocław Legnica
27%
Krosno Lesko
27%
Radom Marcule
27%
Kraków Nowy Targ
27%
Wrocław Oława
27%
Olsztyn Olsztyn
27%
Łódź Opoczno
27%
Katowice Opole
27%
Radom Pińczów
27%
Lublin Puławy
27%
Radom Stąporków
27%
Szczecinek Szczecinek
27%
Piła Wałcz
27%
Zielona Góra Zielona Góra
27%
Lublin Biała Podlaska
18%
Katowice Bielsko
18%
Warszawa Celestynów
18%
Radom Chmielnik
18%
Szczecin Choszczno
18%
Olsztyn Ciechanów
18%
Krosno Cisna
18%
Piła Człopa
18%
Radom Daleszyce
18%
Kraków Dębica
18%
Szczecin Dębno
18%
Szczecin Drawno
18%
Szczecinek Drawsko
18%
Warszawa Drewnica
18%
Gdańsk Elbląg
18%
Warszawa Garwolin
18%
Białystok Gołdap
18%
Warszawa Jabłonna
18%
Wrocław Jawor
18%
Piła Kaczory
18%
Poznań Kalisz
18%
Wrocław Kamienna Góra
18%
Katowice Katowice
18%
Katowice Kędzierzyn
18%
Poznań Koło
18%
Białystok Krynki
18%
Łódź Kutno
18%
Gdańsk Kwidzyn
18%
Szczecin Łobez
18%
Lublin Lubartów
18%
Wrocław Lubin
18%
Katowice Lubliniec
18%
Warszawa Łuków
18%
Wrocław Lwówek Śląski
18%
Olsztyn Mrągowo
18%
Kraków Myślenice
18%
Poznań Oborniki
18%
Białystok Olecko
18%
Olsztyn Olsztynek
18%
Toruń Osie
18%
Olsztyn Ostrołęka
18%
Łódź Piotrków
18%
Białystok Pisz
18%
Szczecinek Polanów
18%
Katowice Prudnik
18%
Radom Przysucha
18%
Białystok Rajgród
18%
Szczecin Rzepin
18%
Warszawa Siedlce
18%
Wrocław Śnieżka
18%
Radom Staszów
18%
Radom Suchedniów
18%
Wrocław Świdnica
18%
Zielona Góra Świebodzin
18%
Wrocław Świeradów
18%
Poznań Syców
18%
Olsztyn Szczytno
18%
Wrocław Szklarska Poręba
18%
Zielona Góra Szprotawa
18%
Poznań Turek
18%
Krosno Ustrzyki Dolne
18%
Wrocław Wałbrzych
18%
Katowice Wisła
18%
Toruń Włocławek
18%
Lublin Włodawa
18%
Wrocław Wołów
18%
Piła Wronki
18%
Zielona Góra Żagań
18%
Wrocław Złotoryja
18%
Piła Złotów
18%
Katowice Andrychów
9%
Zielona Góra Babimost
9%
Krosno Baligród
9%
Wrocław Bardo Śląskie
9%
Szczecin Barlinek
9%
Łódź Bełchatów
9%
Szczecinek Białogard
9%
Szczecin Bierzwnik
9%
Lublin Biłgoraj
9%
Krosno Bircza
9%
Szczecinek Bobolice
9%
Szczecin Bolewice
9%
Szczecinek Borne Sulinowo
9%
Toruń Brodnica
9%
Białystok Browsk
9%
Krosno Brzozów
9%
Wrocław Bystrzyca Kłodzka
9%
Zielona Góra Bytnica
9%
Szczecinek Bytów
9%
Gdańsk Cewice
9%
Gdańsk Choczewo
9%
Szczecin Chojna
9%
Katowice Chrzanów
9%
Zielona Góra Cybinka
9%
Białystok Czarna Białostocka
9%
Szczecinek Człuchów
9%
Szczecinek Damnica
9%
Radom Dobieszyn
9%
Szczecin Dobrzany
9%
Toruń Dobrzejewice
9%
Krosno | Wrocław Głogów
9%
Poznań Gniezno
9%
Szczecin Goleniów
9%
Toruń Golub-Dobrzyń
9%
Lublin Gościeradów
9%
Poznań Grodzisk
9%
Szczecin Gryfice
9%
Szczecin Gryfino
9%
Wrocław Henryków
9%
Poznań Jarocin
9%
Krosno Jarosław
9%
Piła Jastrowie
9%
Wrocław Jugów
9%
Gdańsk Kaliska
9%
Piła Kalisz Pomorski
9%
Krosno Kańczuga
9%
Szczecinek Karnieszewice
9%
Gdańsk Kartuzy
9%
Katowice Kluczbork
9%
Białystok Knyszyn
9%
Krosno Komańcza
9%
Katowice Koniecpol
9%
Gdańsk Kościerzyna
9%
Lublin Kraśnik
9%
Lublin Krasnystaw
9%
Poznań Krotoszyn
9%
Piła Krucz
9%
Piła Krzyż
9%
Wrocław Lądek Zdrój
9%
Radom Łagów
9%
Gdańsk Lębork
9%
Krosno Leżajsk
9%
Warszawa Łochów
9%
Poznań Łopuchówko
9%
Krosno Lutowiska
9%
Białystok Maskulińskie
9%
Szczecinek Miastko
9%
Szczecin Międzychód
9%
Wrocław Międzylesie
9%
Lublin Międzyrzec
9%
Szczecin Międzyrzecz
9%
Szczecin Międzyzdroje
9%
Krosno Mielec
9%
Szczecin Mieszkowice
9%
Wrocław Milicz
9%
Olsztyn Miłomłyn
9%
Warszawa Mińsk
9%
Szczecin Myślibórz
9%
Katowice Namysłów
9%
Olsztyn Nidzica
9%
Lublin Nowa Dęba
9%
Zielona Góra Nowa Sól
9%
Szczecin Nowogard
9%
Białystok Nowogród
9%
Piła Okonek
9%
Katowice Olesno
9%
Katowice Olkusz
9%
Olsztyn Orneta
9%
Szczecin Ośno Lubuskie
9%
Warszawa Ostrów Mazowiecka
9%
Szczecinek Osusznica
9%
Lublin Parczew
9%
Kraków Piwniczna
9%
Łódź Płock
9%
Poznań Pniewy
9%
Łódź Poddębice
9%
Szczecinek Połczyn
9%
Piła Potrzebowice
9%
Katowice Prószków
9%
Olsztyn Przasnysz
9%
Wrocław Przemków
9%
Toruń Przymuszewo
9%
Warszawa Pułtusk
9%
Łódź Radomsko
9%
Lublin Radzyń Podlaski
9%
Szczecin Resko
9%
Toruń Różanna
9%
Białystok Rudka
9%
Wrocław Ruszów
9%
Toruń Rytel
9%
Piła Sarbia
9%
Poznań Sieraków
9%
Łódź Skierniewice
9%
Szczecinek Sławno
9%
Toruń Solec Kujawski
9%
Łódź Spała
9%
Gdańsk Starogard
9%
Gdańsk Strzebielino
9%
Lublin Strzelce
9%
Szczecin Strzelce Krajeńskie
9%
Krosno Strzyżów
9%
Krosno Stuposiany
9%
Katowice Sucha
9%
Zielona Góra Sulechów
9%
Szczecin Sulęcin
9%
Lublin Świdnik
9%
Szczecinek Świdwin
9%
Katowice Świerklaniec
9%
Wrocław Świętoszów
9%
Toruń Szubin
9%
Poznań Taczanów
9%
Lublin Tomaszów
9%
Zielona Góra Torzym
9%
Szczecin Trzciel
9%
Szczecinek Trzebielino
9%
Piła Tuczno
9%
Katowice Ujsoły
9%
Katowice Ustroń
9%
Szczecinek Warcino
9%
Katowice Węgierska Górka
9%
Gdańsk Wejherowo
9%
Poznań Włoszakowice
9%
Zielona Góra Wymiarki
9%
Warszawa Wyszków
9%
Radom Zagnańsk
9%
Wrocław Zdroje
9%
Białystok Żednia
9%
Łódź Złoczew
9%
Wrocław Żmigród
9%
Poznań Antonin
0%
Poznań Babki
0%
Olsztyn Bartoszyce
0%
Radom Barycz
0%
Szczecin Bogdaniec
0%
Białystok Borki
0%
Katowice Brynek
0%
Kraków Brzesko
0%
Łódź Brzeziny
0%
Zielona Góra Brzózka
0%
Wrocław Chocianów
0%
Lublin Chotyłów
0%
Toruń Cierpiszewo
0%
Szczecinek Czaplinek
0%
Szczecinek Czarne Człuchowskie
0%
Szczecinek Czarnobór
0%
Poznań Czerniejewo
0%
Toruń Czersk
0%
Białystok Czerwony Dwór
0%
Kraków Dąbrowa Tarnowska
0%
Olsztyn Dobrocin
0%
Białystok Dojlidy
0%
Szczecinek Dretyń
0%
Białystok Drygały
0%
Krosno Dukla
0%
Piła Durowo
0%
Olsztyn Dwukoły
0%
Krosno Dynów
0%
Katowice Gidle
0%
Białystok Głęboki Bród
0%
Szczecin Głusko
0%
Toruń Gniewkowo
0%
Toruń Gołąbki
0%
Poznań Góra Śląska
0%
Kraków Gorlice
0%
Olsztyn Górowo Iławeckie
0%
Szczecinek Gościno
0%
Łódź Gostynin
0%
Poznań Grodziec
0%
Kraków Gromnik
0%
Łódź Grotniki
0%
Katowice Herby
0%
Olsztyn Iława
0%
Toruń Jamy
0%
Lublin Janów Lubelski
0%
Olsztyn Jedwabno
0%
Katowice Jeleśnia
0%
Lublin Józefów
0%
Poznań Karczma Borowa
0%
Szczecin Karwin
0%
Szczecin Kliniska
0%
Katowice Kłobuck
0%
Szczecin Kłodawa
0%
Katowice Kobiór
0%
Krosno Kołaczyce
0%
Gdańsk Kolbudy
0%
Krosno Kolbuszowa
0%
Łódź Kolumna
0%
Poznań Konstantynowo
0%
Olsztyn Korpele
0%
Poznań Kościan
0%
Katowice Koszęcin
0%
Krosno Krasiczyn
0%
Kraków Krościenko
0%
Kraków Krzeszowice
0%
Zielona Góra Krzystkowice
0%
Olsztyn Kudypy
0%
Katowice Kup
0%
Łódź Łąck
0%
Szczecinek Leśny Dwór
0%
Olsztyn Lidzbark
0%
Kraków Limanowa
0%
Piła Lipka
0%
Zielona Góra Lipniki
0%
Gdańsk Lipusz
0%
Kraków Łosie
0%
Krosno Lubaczów
0%
Gdańsk Lubichowo
0%
Szczecin Lubniewice
0%
Zielona Góra Lubsko
0%
Szczecinek Łupawa
0%
Toruń Lutówko
0%
Szczecinek Mianowo
0%
Kraków Miechów
0%
Wrocław Miękinia
0%
Toruń Miradz
0%
Lublin Mircze
0%
Piła Mirosławiec
0%
Olsztyn Młynary
0%
Olsztyn Myszyniec
0%
Krosno Narol
0%
Kraków Nawojowa
0%
Szczecinek Niedźwiady
0%
Kraków Niepołomice
0%
Olsztyn Nowe Ramuki
0%
Białystok Nurzec
0%
Wrocław Oborniki Śląskie
0%
Wrocław Oleśnica Śląska
0%
Krosno Oleszyce
0%
Radom Ostrowiec Świętokrzyski
0%
Olsztyn Parciaki
0%
Poznań Piaski
0%
Wrocław Pieńsk
0%
Białystok Płaska
0%
Warszawa Płońsk
0%
Piła Płytnica
0%
Piła Podanin
0%
Białystok Pomorze
0%
Poznań Przedborów
0%
Łódź Przedbórz
0%
Zielona Góra Przytok
0%
Radom Radoszyce
0%
Łódź Radziwłłów
0%
Szczecin Rokita
0%
Szczecin Różansko
0%
Lublin Rozwadów
0%
Lublin Rudnik
0%
Katowice Rudy Raciborskie
0%
Katowice Rudziniec
0%
Toruń Runowo
0%
Katowice Rybnik
0%
Krosno Rymanów
0%
Lublin Sarnaki
0%
Krosno Sieniawa
0%
Katowice Siewierz
0%
Toruń Skrwilno
0%
Szczecin Skwierzyna
0%
Zielona Góra Sława Śląska
0%
Łódź Smardzewice
0%
Szczecin Smolarz
0%
Lublin Sobibór
0%
Warszawa Sokołów
0%
Olsztyn Spychowo
0%
Olsztyn Srokowo
0%
Olsztyn Stare Jabłonki
0%
Kraków Stary Sącz
0%
Olsztyn Strzałowo
0%
Katowice Strzelce Opolskie
0%
Białystok Supraśl
0%
Olsztyn Susz
0%
Szczecinek Świerczyna
0%
Białystok Szczebra
0%
Piła Trzcianka
0%
Toruń Trzebciny
0%
Szczecin Trzebież
0%
Krosno Tuszyma
0%
Szczecinek Tychowo
0%
Szczecinek Ustka
0%
Białystok Waliły
0%
Wrocław Węgliniec
0%
Olsztyn Wichrowo
0%
Olsztyn Wielbark
0%
Łódź Wieluń
0%
Olsztyn Wipsowo
0%
Zielona Góra Wolsztyn
0%
Toruń Woziwoda
0%
Toruń Zamrzenica
0%
Olsztyn Zaporowo
0%
Katowice Zawadzkie
0%
Piła Zdrojowa Góra
0%
Szczecinek Złocieniec
0%
Katowice Złoty Potok
0%
Toruń Żołędowo
0%
Lublin Zwierzyniec
0%
Nie znaleziono quizów pasujących do podanych kryteriów
Rozkład punktacji
Procent ludzi z każdym wynikiem
Percentyl według liczby udzielonych odpowiedzi
Twoja historia wyników
Nie rozwiązałeś tego quizu